Movies Quiz

Random Movies or Actress Quiz

Spider-Man Films' Casts Quiz Stats

 Plays Quiz not verified by Sporcle

Challenge
Share
Tweet
Embed
Score 0/179 Timer 10:00
0 Plays Today
Film Actor/Actress % Correct
Spider-Man (2002)Tobey Maguire
99.1%
Spider-Man 2 (2004)Tobey Maguire
99.1%
Spider-Man 3 (2007)Tobey Maguire
99.1%
Spider-Man (2002)James Franco
91.7%
Spider-Man 2 (2004)James Franco
91.7%
Spider-Man 3 (2007)James Franco
91.7%
Spider-Man (2002)Kirsten Dunst
90.8%
Spider-Man 2 (2004)Kirsten Dunst
90.8%
Spider-Man 3 (2007)Kirsten Dunst
90.8%
The Amazing Spider-Man (2012)Andrew Garfield
90.8%
The Amazing Spider-Man 2 (2014)Andrew Garfield
90.8%
Spider-Man: Homecoming (2017)Chris Evans
90.7%
Spider-Man (2002)Willem Dafoe
89%
Spider-Man 2 (2004)Willem Dafoe
89%
Spider-Man 3 (2007)Willem Dafoe
89%
The Amazing Spider-Man (2012)Emma Stone
87.2%
The Amazing Spider-Man 2 (2014)Emma Stone
87.2%
Captain America: Civil War (2016)Chris Evans
84.4%
Captain America: Civil War (2016)Robert Downey, Jr.
83.5%
Spider-Man: Homecoming (2017)Robert Downey, Jr.
83.5%
Spider-Man: Homecoming (2017)Stan Lee
81.4%
Spider-Man (2002)J.K. Simmons
80.7%
Spider-Man 2 (2004)J.K. Simmons
80.7%
Spider-Man 3 (2007)J.K. Simmons
80.7%
Spider-Man 3 (2007)Topher Grace
77.1%
The Amazing Spider-Man (2012)Sally Field
77.1%
The Amazing Spider-Man 2 (2014)Sally Field
77.1%
Captain America: Civil War (2016)Paul Rudd
77.1%
Captain America: Civil War (2016)Jeremy Renner
76.1%
Captain America: Civil War (2016)Tom Holland
75.2%
Spider-Man: Homecoming (2017)Tom Holland
75.2%
Spider-Man 2 (2004)Alfred Molina
74.3%
The Amazing Spider-Man 2 (2014)Jamie Foxx
74.3%
Captain America: Civil War (2016)Don Cheadle
74.3%
The Amazing Spider-Man (2012)Martin Sheen
71.6%
The Amazing Spider-Man 2 (2014)Martin Sheen
71.6%
Spider-Man 3 (2007)Thomas Haden Church
70.6%
Captain America: Civil War (2016)Elizabeth Olsen
70.6%
Spider-Man 2 (2004)Stan Lee
68.8%
Spider-Man 3 (2007)Stan Lee
68.8%
The Amazing Spider-Man (2012)Stan Lee
68.8%
The Amazing Spider-Man 2 (2014)Stan Lee
68.8%
Captain America: Civil War (2016)Stan Lee
68.8%
Captain America: Civil War (2016)Paul Bettany
67.9%
Captain America: Civil War (2016)Marisa Tomei
67.9%
Spider-Man: Homecoming (2017)Marisa Tomei
67.9%
Spider-Man 3 (2007)Bryce Dallas Howard
67%
Captain America: Civil War (2016)Anthony Mackie
67%
Captain America: Civil War (2016)Sebastian Stan
65.1%
Spider-Man (2002)Rosemary Harris
63.3%
Spider-Man 2 (2004)Rosemary Harris
63.3%
Spider-Man 3 (2007)Rosemary Harris
63.3%
The Amazing Spider-Man (2012)Denis Leary
61.5%
The Amazing Spider-Man 2 (2014)Denis Leary
61.5%
Spider-Man (2002)Cliff Robertson
60.6%
Spider-Man 2 (2004)Cliff Robertson
60.6%
Spider-Man 3 (2007)Cliff Robertson
60.6%
The Amazing Spider-Man (2012)Barbara Eve Harris
60.6%
The Amazing Spider-Man (2012)Rhys Ifans
59.6%
Captain America: Civil War (2016)Chadwick Boseman
59.6%
Film Actor/Actress % Correct
Spider-Man: Homecoming (2017)Michael Keaton
57.8%
Captain America: Civil War (2016)William Hurt
56.9%
The Amazing Spider-Man 2 (2014)Dane DeHaan
52.3%
Spider-Man: Homecoming (2017)Gwyneth Paltrow
52.3%
Spider-Man: Homecoming (2017)Jennifer COnnelly
51.2%
Spider-Man (2002)Bruce Campbell
48.6%
Spider-Man 2 (2004)Bruce Campbell
48.6%
Spider-Man 3 (2007)Bruce Campbell
48.6%
Spider-Man (2002)Elizabeth Banks
47.7%
Spider-Man 2 (2004)Elizabeth Banks
47.7%
Spider-Man 3 (2007)Elizabeth Banks
47.7%
Captain America: Civil War (2016)Daniel Bruhl
47.7%
Captain America: Civil War (2016)Frank Grillo
46.8%
Captain America: Civil War (2016)Emily VanCamp
44%
Captain America: Civil War (2016)Martin Freeman
44%
The Amazing Spider-Man 2 (2014)Felicity Jones
43.1%
Spider-Man 3 (2007)James Cromwell
40.4%
Captain America: Civil War (2016)John Slattery
39.4%
The Amazing Spider-Man 2 (2014)Paul Giamatti
37.6%
Spider-Man: Homecoming (2017)Tony Revolori
37.2%
Spider-Man (2002)Joe Manganiello
35.8%
Spider-Man (2002)Randy Savage
35.8%
Spider-Man 3 (2007)Joe Manganiello
35.8%
The Amazing Spider-Man 2 (2014)Chris Cooper
35.8%
Spider-Man: Homecoming (2017)Jon Favreau
33%
Spider-Man: Homecoming (2017)Donald Glover
32.1%
Spider-Man (2002)Ted Raimi
31.2%
Spider-Man 2 (2004)Ted Raimi
31.2%
Spider-Man 3 (2007)Ted Raimi
31.2%
Spider-Man: Homecoming (2017)Zendaya
30.3%
Spider-Man: Homecoming (2017)Jacob Batalon
30.2%
Spider-Man 2 (2004)Dylan Baker
28.4%
Spider-Man 3 (2007)Dylan Baker
28.4%
Spider-Man: Homecoming (2017)Laura Harrier
27.9%
Spider-Man 3 (2007)Becky Ann Baker
27.5%
Spider-Man (2002)Bill Nunn
26.6%
Spider-Man 2 (2004)Bill Nunn
26.6%
Spider-Man 3 (2007)Bill Nunn
26.6%
Spider-Man: Homecoming (2017)Logan Marshall-Green
25.6%
Spider-Man (2002)Octavia Spencer
24.8%
The Amazing Spider-Man (2012)Chris Zylka
24.8%
The Amazing Spider-Man (2012)Irrfan Khan
23.9%
The Amazing Spider-Man (2012)Campbell Scott
22.9%
The Amazing Spider-Man 2 (2014)Campbell Scott
22.9%
Spider-Man: Homecoming (2017)Martin Starr
21.1%
Spider-Man: Homecoming (2017)Michael Mando
20.9%
Spider-Man 2 (2004)Donna Murphy
19.3%
The Amazing Spider-Man (2012)Embeth Davidtz
19.3%
The Amazing Spider-Man 2 (2014)Embeth Davidtz
19.3%
Spider-Man: Homecoming (2017)Kerry Condon
18.6%
Spider-Man (2002)Macy Gray
17.4%
Spider-Man (2002)Lucy Lawless
17.4%
Captain America: Civil War (2016)Hope Davis
17.4%
Spider-Man: Homecoming (2017)Bokeem Woodbine
17.4%
Spider-Man: Homecoming (2017)Hannibal Buress
17.4%
Spider-Man: Homecoming (2017)Kenneth Choi
17.4%
Captain America: Civil War (2016)Alfre Woodard
16.5%
Captain America: Civil War (2016)John Kani
15.6%
Spider-Man (2002)Michael Papajohn
13.8%
Spider-Man 3 (2007)Michael Papajohn
13.8%
Film Actor/Actress % Correct
The Amazing Spider-Man (2012)Michael Papajohn
13.8%
The Amazing Spider-Man (2012)C. Thomas Howell
12.8%
Spider-Man: Homecoming (2017)Tyne Daly
12.8%
Spider-Man (2002)Ron Perkins
11.9%
Spider-Man (2002)Gerry Becker
11%
Spider-Man (2002)Jack Betts
11%
Spider-Man 2 (2004)Joel McHale
11%
Spider-Man 3 (2007)Theresa Russell
11%
The Amazing Spider-Man 2 (2014)B.J. Novak
11%
Spider-Man (2002)Stanley Anderson
10.1%
Spider-Man 2 (2004)Elya Baskin
10.1%
Spider-Man 3 (2007)Elya Baskin
10.1%
The Amazing Spider-Man 2 (2014)Skyler Gisondo
10.1%
The Amazing Spider-Man (2012)Skyler Gisondo
10.1%
Spider-Man: Homecoming (2017)Michael Chernus
10.1%
Spider-Man (2002)John Paxton
9.2%
Spider-Man 2 (2004)Daniel Gillies
9.2%
Spider-Man 2 (2004)Aasif Mandvi
9.2%
Spider-Man 2 (2004)Mageina Tovah
9.2%
Spider-Man 2 (2004)Emily Deschanel
9.2%
Spider-Man 2 (2004)John Paxton
9.2%
Spider-Man 3 (2007)Mageina Tovah
9.2%
Spider-Man 3 (2007)John Paxton
9.2%
The Amazing Spider-Man (2012)Max Charles
9.2%
The Amazing Spider-Man (2012)Kari Coleman
9.2%
The Amazing Spider-Man (2012)Hannah Marks
9.2%
The Amazing Spider-Man 2 (2014)Max Charles
9.2%
The Amazing Spider-Man 2 (2014)Michael Massee
9.2%
The Amazing Spider-Man 2 (2014)Kari Coleman
9.2%
Spider-Man (2002)K.K. Dodds
8.3%
The Amazing Spider-Man 2 (2014)Colm Feore
8.3%
The Amazing Spider-Man 2 (2014)Charlie DePew
8.3%
The Amazing Spider-Man (2012)Charlie DePew
8.3%
Spider-Man 2 (2004)Vanessa Ferlito
7.3%
Spider-Man 2 (2004)John Landis
7.3%
The Amazing Spider-Man 2 (2014)Marton Csokas
7.3%
Spider-Man: Homecoming (2017)Hemky Madera
7%
Spider-Man (2002)Tim DeZarn
6.4%
Spider-Man (2002)Taylor Gilbert
6.4%
Spider-Man 2 (2004)Daniel Dae Kim
6.4%
The Amazing Spider-Man (2012)Jacob Rodier
6.4%
Spider-Man 2 (2004)Gregg Edelman
5.5%
Spider-Man 2 (2004)Brent Briscoe
5.5%
Spider-Man 2 (2004)Peter McRobbie
5.5%
Spider-Man 3 (2007)Perla Haney-Jardine
5.5%
Spider-Man 3 (2007)Lucy Gordon
5.5%
The Amazing Spider-Man (2012)Andy Pessoa
5.5%
The Amazing Spider-Man (2012)Kevin McCorkle
5.5%
Spider-Man: Homecoming (2017)Abraham Attah
5.5%
The Amazing Spider-Man (2012)Jake Keiffer
4.6%
The Amazing Spider-Man 2 (2014)Sarah Gadon
3.7%
Spider-Man: Homecoming (2017)Selenis Leyva
3.7%
Spider-Man 2 (2004)Jason Fiore-Ortiz
2.8%
Spider-Man 2 (2004)Christine Estabrook
2.8%
The Amazing Spider-Man 2 (2014)Adrian Martinez
2.8%
Spider-Man: Homecoming (2017)Christopher Berry
2.3%
Spider-Man 2 (2004)Molly Cheek
1.8%
The Amazing Spider-Man 2 (2014)Louis Cancelmi
1.8%
The Amazing Spider-Man 2 (2014)Jorge Vega
1.8%

You're not logged in!

Compare scores with friends on all Sporcle quizzes.
OR
Log In

You Might Also Like...

Show Comments

Extras

Top Quizzes Today


Score Distribution

Your Account Isn't Verified!

In order to create a playlist on Sporcle, you need to verify the email address you used during registration. Go to your Sporcle Settings to finish the process.

Report this User

Report this user for behavior that violates our Community Guidelines.

Details: